<?xml version='1.0' encoding='UTF-8'?>
  <record xmlns="http://www.loc.gov/MARC21/slim">
    <leader>00000cam a22000007i 4500</leader>
    <controlfield tag="001">ocm68032927</controlfield>
    <controlfield tag="003">OCoLC</controlfield>
    <controlfield tag="005">20250206151600.8</controlfield>
    <controlfield tag="008">980814s1889    io            000 0 jav d</controlfield>
    <datafield tag="040" ind1=" " ind2=" ">
      <subfield code="a">NLGGC</subfield>
      <subfield code="b">dut</subfield>
      <subfield code="e">fobidrtb</subfield>
      <subfield code="c">NLGGC</subfield>
      <subfield code="d">OCLCO</subfield>
      <subfield code="d">OCLCL</subfield>
      <subfield code="d">OCLCQ</subfield>
    </datafield>
    <datafield tag="029" ind1="0" ind2=" ">
      <subfield code="a">NLGGC</subfield>
      <subfield code="b">172368278</subfield>
    </datafield>
    <datafield tag="035" ind1=" " ind2=" ">
      <subfield code="a">(OCoLC)68032927</subfield>
    </datafield>
    <datafield tag="100" ind1="1" ind2=" ">
      <subfield code="a">Verne, Jules</subfield>
      <subfield code="q">(Jules Gabriel),</subfield>
      <subfield code="d">1828-1905.</subfield>
    </datafield>
    <datafield tag="245" ind1="1" ind2="0">
      <subfield code="a">Hikayat Piliyas Pog :</subfield>
      <subfield code="b">cariyosipun tiyang totohan sagah angubĕngi donya ing dalĕm 80 dintĕn lami-lamenipun : mawi gambar 53 iji /</subfield>
      <subfield code="c">kajarwekaken dening L.Th.M.</subfield>
    </datafield>
    <datafield tag="246" ind1="3" ind2=" ">
      <subfield code="a">Hikajat Phileas Fogg</subfield>
    </datafield>
    <datafield tag="260" ind1=" " ind2=" ">
      <subfield code="a">[S.l. :</subfield>
      <subfield code="b">s.n.],</subfield>
      <subfield code="c">1889</subfield>
      <subfield code="e">(Semawis :</subfield>
      <subfield code="f">A. Bisschop)</subfield>
    </datafield>
    <datafield tag="300" ind1=" " ind2=" ">
      <subfield code="a">292 p. ;</subfield>
      <subfield code="c">19 cm.</subfield>
    </datafield>
    <datafield tag="336" ind1=" " ind2=" ">
      <subfield code="a">tekst</subfield>
      <subfield code="b">txt</subfield>
      <subfield code="2">rdacontent/dut</subfield>
    </datafield>
    <datafield tag="337" ind1=" " ind2=" ">
      <subfield code="a">zonder medium</subfield>
      <subfield code="b">n</subfield>
      <subfield code="2">rdamedia/dut</subfield>
    </datafield>
    <datafield tag="338" ind1=" " ind2=" ">
      <subfield code="a">band</subfield>
      <subfield code="b">nc</subfield>
      <subfield code="2">rdacarrier/dut</subfield>
    </datafield>
    <datafield tag="500" ind1=" " ind2=" ">
      <subfield code="a">Sino-Maleise literatuur.</subfield>
    </datafield>
    <datafield tag="530" ind1=" " ind2=" ">
      <subfield code="a">Ook digitaal beschikbaar.</subfield>
    </datafield>
    <datafield tag="700" ind1="0" ind2=" ">
      <subfield code="a">L.,</subfield>
      <subfield code="c">Th.M., Chinees-Maleisische literatuur.</subfield>
      <subfield code="1">https://id.oclc.org/worldcat/entity/E39PCjCCHkcpQrhXRrCcdhkkXd</subfield>
    </datafield>
    <datafield tag="758" ind1=" " ind2=" ">
      <subfield code="a">Hikayat Piliyas Pog (Text)</subfield>
      <subfield code="1">https://id.oclc.org/worldcat/entity/E39PCFGGdFVwCtF9FFd96wKMvb</subfield>
      <subfield code="4">https://id.oclc.org/worldcat/ontology/hasWork</subfield>
    </datafield>
    <datafield tag="776" ind1="0" ind2=" ">
      <subfield code="t">Hikayat Piliyas Pog</subfield>
      <subfield code="w">(NL-LeOCL)353048720</subfield>
    </datafield>
    <datafield tag="787" ind1="0" ind2="8">
      <subfield code="i">Naar het verhaal van Jules Verne:</subfield>
      <subfield code="t">"De reis om de wereld in 80 dagen</subfield>
    </datafield>
    <datafield tag="936" ind1=" " ind2=" ">
      <subfield code="a">BATCHLOAD</subfield>
    </datafield>
  </record>